000 00825nam a2200253Ia 4500
003 GCL
005 20240530110302.0
008 140319s9999 xx 000 0 ara d
040 _aGCL /
_cGCL
082 0 4 _a150.195
_bف م
100 1 _aفرج عبدالقادر طه
245 1 0 _aموسوعة علم النفس والتحليل النفسى /
_cفرج عبدالقادر طه
260 _a[S.N] :
_bدار سعاد الصباح ،
_c1993
300 _a892 ص
490 _aماذا اعرف
_v0
650 0 4 _aدوائر المعارف
650 0 4 _aعلم النفس
650 0 4 _aالتحليل النفسى
650 0 4 _aالمعاجم
700 1 _aشاكر عطية قنديل
700 1 _aحسين عبدالقادر محمد
700 1 _aمصطفى كامل عبدالفتاح
942 _2ddc
_cREF
999 _c59598
_d59598